000 01003nam a2200253 u 4500
001 000025044
005 20200930023529.0
008 110209s1964 ck r 000 0 spa d
040 _aDO-SdBNP
_bspa
_cBNPHU
041 1 7 _aspa
_heng
_2Código de idiomas MARC
082 _ann*
_bnn*
100 1 _aEisenhower, Milton S.
_951380
240 1 4 _aThe wine is bitter.
_lEspañol
245 1 0 _aVino amargo :
_bEstados Unidos y América Latina /
_cMilton S. Eisenhower ; traducción de Antonio Panesso Robledo ; traducción del prólogo de Alvaro Teixeira Soares ; introducción de Juscelno Kubitschek.
260 _aBogotá :
_bTercer Mundo,
_c1964.
300 _a375 p. ;
_c22 cm.
490 1 _aProblemas de América
_v3
534 _aEdición inglesa de la obra :
_tThe wine is bitter
700 1 _aPanesso Robledo, Antonio,
_etr.
_951381
700 1 _aTeixeira Robledo, Alvaro,
_etr.
_951382
700 1 _aKubitschek, Juscelno,
_eintrod.
_951383
830 0 _aProblemas de América
_v3
_951384
049 _aBNGR
999 _c24537
_d24537